00290pab a2200121 454500008004000000100001600040245004000056260000900096300000900105362000900114650002300123773002200146180718b1983 xxu||||| |||| 00| 0 eng d aSingh, N.K. aChanging profile of Indian Managers c1983 a7-13 aNov. aExecutives - India aIndian Management